[Event "Madrid-ch Previa-A"]
[Site "Madrid"]
[Date "2020.02.04"]
[Round "2"]
[White "Lopez Guitian, Juan J"]
[Black "Lozano Sanchez, Jose Antonio"]
[Result "0-1"]
[WhiteElo "1497"]
[BlackElo "1832"]
[PlyCount "63"]
[EventDate "2020.02.03"]
[EventType "swiss"]
[EventRounds "9"]
[EventCountry "ESP"]
[SourceTitle "EXT 2021"]
[Source "ChessBase"]
[SourceDate "2020.10.23"]
[SourceVersion "1"]
[SourceVersionDate "2020.10.23"]
[SourceQuality "1"]

1. d4 d5 2. c4 Nf6 3. cxd5 Qxd5 4. Nc3 Qd8 5. e4 e6 6. Nf3 Be7 7. Bd3 Nc6 8. 0-0 0-0 9. e5 Nd5 10. Ne4 Ncb4 11. Bb1 f5 12. exf6 Nxf6 13. a3 Nbd5 14. Ng3 Bd6 15. Ne5 c6 16. Qd3 Qc7 17. f4 a5 18. Kh1 b6 19. b3 Ba6 20. Nc4 Bxf4 21. Nh5 Bxc1 22. Rxc1 g6 23. Ng3 Ng4 24. Kg1 Rf7 25. Ba2 Raf8 26. Qe4 Nf4 27. Ne5 Nxe5 28. dxe5 c5 29. b4 Bb7 30. Qb1 Qxe5 31. Re1 Qd4+ 32. Kh1 0-1

[Event "Madrid-ch Previa-A"]
[Site "Madrid"]
[Date "2020.02.03"]
[Round "1"]
[White "Lozano Sanchez, Jose Antonio"]
[Black "Enriquez Pastor, Jorge"]
[Result "1-0"]
[WhiteElo "1832"]
[BlackElo "1513"]
[PlyCount "120"]
[EventDate "2020.02.03"]
[EventType "swiss"]
[EventRounds "9"]
[EventCountry "ESP"]
[SourceTitle "EXT 2021"]
[Source "ChessBase"]
[SourceDate "2020.10.23"]
[SourceVersion "1"]
[SourceVersionDate "2020.10.23"]
[SourceQuality "1"]

1. e4 e6 2. Nf3 d5 3. e5 c5 4. d4 Nc6 5. Be2 Qb6 6. dxc5 Bxc5 7. 0-0 Qc7 8. Bf4 Nge7 9. Bd3 0-0 10. c3 Ng6 11. Bxg6 fxg6 12. Bg3 Ne7 13. Nbd2 Nf5 14. Nb3 Nxg3 15. hxg3 Bb6 16. Nbd4 Qe7 17. Qd2 Bxd4 18. Nxd4 Bd7 19. f4 Rf7 20. Rf2 Raf8 21. Nf3 Qc5 22. Rc1 Qa5 23. Ra1 Qb6 24. Kf1 Qa6+ 25. Ke1 Qc4 26. Qd4 Qxd4 27. cxd4 Rc8 28. Kd1 h6 29. Rc1 Rff8 30. Rxc8 Rxc8 31. Rc2 Rxc2 32. Kxc2 Kf7 33. Kc3 a5 34. Nd2 b5 35. Nb3 b4+ 36. Kd2 a4 37. Nc5 Bb5 38. a3 bxa3 39. bxa3 g5 40. Kc3 gxf4 41. gxf4 h5 42. g3 Bc4 43. Nxa4 Kg6 44. Nc5 Kf5 45. a4 Kg4 46. Nxe6 Kxg3 47. Nxg7 h4 48. Nf5+ Kxf4 49. Nxh4 Kg5 50. Ng2 Ba6 51. Kb4 Kf5 52. Kc5 Ke4 53. e6 Bc8 54. e7 Bd7 55. a5 Kf5 56. Kxd5 Kf6 57. Kd6 Be8 58. a6 Bh5 59. Nf4 Bf7 60. a7 Be8 1-0

[Event "Madrid-ch Seniors 50"]
[Site "Madrid"]
[Date "2020.01.23"]
[Round "9"]
[White "Lozano Sanchez, Jose Antonio"]
[Black "Vinas Lopez, Carlos"]
[Result "0-1"]
[WhiteElo "1812"]
[BlackElo "1860"]
[PlyCount "124"]
[EventDate "2020.01.13"]
[EventType "swiss"]
[EventRounds "9"]
[EventCountry "ESP"]
[SourceTitle "CBM 194 Extra"]
[Source "ChessBase"]
[SourceDate "2020.03.31"]
[SourceVersion "1"]
[SourceVersionDate "2020.03.31"]
[SourceQuality "1"]

1. e4 c5 2. Nf3 e6 3. Nc3 Nc6 4. Bc4 a6 5. a4 g6 6. d3 Bg7 7. Bf4 d6 8. 0-0 Nge7 9. Re1 0-0 10. Qd2 Re8 11. Rab1 Nd4 12. Nxd4 cxd4 13. Ne2 Bd7 14. a5 Bc6 15. b4 d5 16. exd5 Nxd5 17. Bh6 Bh8 18. Nf4 Nxf4 19. Bxf4 Bd5 20. Bxd5 Qxd5 21. Bc7 Bg7 22. Qf4 Rac8 23. Be5 Rxc2 24. Re4 Bxe5 25. Rxe5 Qd6 26. Re4 Qxf4 27. Rxf4 e5 28. Re4 Rd2 29. f4 f6 30. b5 axb5 31. Rxb5 Rc8 32. h4 Rcc2 33. fxe5 Rxg2+ 34. Kh1 Rgd2 35. Re1 fxe5 36. Rbxe5 Ra2 37. Rb5 Rab2 38. Rxb2 Rxb2 39. Re4 Rb4 40. Kg2 Kf7 41. Kf3 Kf6 42. Kg4 h6 43. Kf4 Ra4 44. Kg4 Rxa5 45. Rxd4 Re5 46. Rd6+ Re6 47. Rd5 Ke7 48. Kf4 Rd6 49. Re5+ Kf6 50. Re3 b5 51. Rf3 b4 52. Ke4+ Ke6 53. d4 Rb6 54. d5+ Kd7 55. Rb3 Kd6 56. Kd4 Rb8 57. Ke4 Rb7 58. Kd4 g5 59. hxg5 hxg5 60. Ke4 Kc5 61. Kf5 Kxd5 62. Kxg5 Kc4 0-1

[Event "Madrid-ch sf"]
[Site "Madrid"]
[Date "2017.03.29"]
[Round "3"]
[White "Vukotic Jovsic, Dragan"]
[Black "Lozano Sanchez, Jose Antonio"]
[Result "1-0"]
[WhiteElo "1950"]
[BlackElo "1864"]
[PlyCount "73"]
[EventDate "2017.03.27"]
[EventType "swiss"]
[EventRounds "9"]
[EventCountry "ESP"]
[SourceTitle "CBM 177 Extra"]
[Source "ChessBase"]
[SourceDate "2017.04.27"]
[SourceVersion "1"]
[SourceVersionDate "2017.04.27"]
[SourceQuality "1"]

1. d4 d5 2. Bf4 Nf6 3. e3 Bf5 4. Nf3 Nbd7 5. c4 c6 6. Nc3 e6 7. Qb3 Qb6 8. c5 Qxb3 9. axb3 Nh5 10. b4 Nxf4 11. exf4 Nf6 12. b5 Nd7 13. bxc6 bxc6 14. b4 f6 15. b5 Nb8 16. Nh4 g6 17. Nxf5 gxf5 18. bxc6 Kd8 19. Ba6 Nxc6 20. Nb5 Rb8 21. 0-0 Kd7 22. Rfd1 Be7 23. Nc3 Rb3 24. Bb5 Kc7 25. Bxc6 Kxc6 26. Ra6+ Kb7 27. Rxe6 Bxc5 28. dxc5 Rxc3 29. Rb1+ Kc7 30. Re7+ Kc6 31. Rxa7 Kxc5 32. Rd1 Rc4 33. Ra5+ Kb4 34. Raxd5 Rxf4 35. g3 Rc4 36. Rb1+ Ka4 37. Rd7 1-0

[Event "Madrid-ch Previa-A"]
[Site "Madrid"]
[Date "2017.02.14"]
[Round "5"]
[White "Lopez Heras, Arturo"]
[Black "Lozano Sanchez, Jose Antonio"]
[Result "1-0"]
[WhiteElo "1862"]
[BlackElo "1843"]
[PlyCount "53"]
[EventDate "2017.02.06"]
[EventType "swiss"]
[EventRounds "9"]
[EventCountry "ESP"]
[SourceTitle "CBM 177 Extra"]
[Source "ChessBase"]
[SourceDate "2017.04.27"]
[SourceVersion "1"]
[SourceVersionDate "2017.04.27"]
[SourceQuality "1"]

1. d4 d5 2. c4 Nf6 3. Nc3 c6 4. Nf3 e6 5. cxd5 exd5 6. Qc2 Nbd7 7. Bg5 h6 8. Bh4 Be7 9. e3 0-0 10. Bd3 Re8 11. 0-0 Nf8 12. Rae1 Nh5 13. Bxe7 Rxe7 14. Ne5 Nf6 15. f4 N6d7 16. Rf3 Nxe5 17. fxe5 Be6 18. Ref1 Nd7 19. Qf2 f6 20. exf6 Nxf6 21. Rxf6 gxf6 22. Qxf6 Qd7 23. Rf3 Rg7 24. Qxh6 Qe7 25. Rf6 Bd7 26. e4 dxe4 27. Bc4+ 1-0

[Event "Madrid-ch sf"]
[Site "Madrid"]
[Date "2016.02.16"]
[Round "5"]
[White "Fernandez Rios, Jose Francisco"]
[Black "Lozano Sanchez, Jose Antonio"]
[Result "1-0"]
[WhiteElo "1778"]
[BlackElo "1883"]
[PlyCount "69"]
[EventDate "2016.02.08"]
[EventType "swiss"]
[EventRounds "9"]
[EventCountry "ESP"]
[SourceTitle "CBM 171 Extra"]
[Source "ChessBase"]
[SourceDate "2016.04.26"]
[SourceVersion "1"]
[SourceVersionDate "2016.04.26"]
[SourceQuality "1"]

1. d4 d5 2. c4 c6 3. Nf3 Nf6 4. e3 e6 5. Nbd2 Nbd7 6. b3 Be7 7. Bb2 0-0 8. Bd3 h6 9. 0-0 Re8 10. Ne5 Bd6 11. f4 c5 12. Rf3 b6 13. Rh3 cxd4 14. exd4 dxc4 15. Ndxc4 Bxe5 16. fxe5 Nd5 17. Qf3 Rb8 18. Rf1 Rf8 19. Nd6 f5 20. Bc1 Nc7 21. Bxh6 Ne8 22. Qg3 Rf7 23. Nxf7 Kxf7 24. Bg5 Qc7 25. Rc1 Qb7 26. Qh4 Nf8 27. Qg3 Qd7 28. Qe3 Bb7 29. Bc4 Rc8 30. Qd2 a6 31. Rhc3 Rc7 32. Be2 Bd5 33. Bxa6 Be4 34. Bb5 Qd5 35. Bxe8+ 1-0

[Event "Madrid-ch sf"]
[Site "Madrid"]
[Date "2016.02.09"]
[Round "2"]
[White "Lozano Sanchez, Jose Antonio"]
[Black "Lopez Ziegler, Juan Jose"]
[Result "1-0"]
[WhiteElo "1883"]
[BlackElo "1574"]
[PlyCount "143"]
[EventDate "2016.02.08"]
[EventType "swiss"]
[EventRounds "9"]
[EventCountry "ESP"]
[SourceTitle "CBM 171 Extra"]
[Source "ChessBase"]
[SourceDate "2016.04.26"]
[SourceVersion "1"]
[SourceVersionDate "2016.04.26"]
[SourceQuality "1"]

1. e4 e6 2. f4 d5 3. e5 c5 4. Nf3 Nh6 5. c3 Be7 6. d4 Bd7 7. Be2 Qb6 8. Nbd2 Nf5 9. Qb3 c4 10. Qxb6 axb6 11. Nf1 b5 12. g4 Nh4 13. Ne3 g6 14. 0-0 Nxf3+ 15. Bxf3 Na6 16. a3 Nc7 17. Bd2 0-0-0 18. Bd1 f5 19. exf6 Bxf6 20. g5 Bg7 21. Ng4 Ne8 22. Ne5 Nd6 23. Bc2 Rdf8 24. Rae1 Bxe5 25. fxe5 Nf5 26. Rf4 Be8 27. Ref1 Kc7 28. Kg2 Kd8 29. Ra1 Kc7 30. b3 Rhg8 31. bxc4 bxc4 32. Rff1 Bd7 33. Rfb1 Nh4+ 34. Kg3 Nf5+ 35. Kg4 Ne7 36. Rf1 Rxf1 37. Rxf1 Nf5 38. Bf4 Ra8 39. Ra1 Ne7 40. h4 Ba4 41. Bb1 Nc8 42. Kg3 Na7 43. h5 Be8 44. h6 Nb5 45. Bd2 Rxa3 46. Rxa3 Nxa3 47. Ba2 Ba4 48. Bc1 Nb5 49. Bb1 Nxc3 50. Bxg6 hxg6 51. Kg4 Ne2 52. Ba3 Nxd4 53. h7 Nf5 54. h8Q c3 55. Qh7+ Bd7 56. Qxg6 d4 57. Bb4 c2 58. Bd2 b5 59. Qh5 b4 60. Qh3 Ba4 61. Qd3 Kb6 62. g6 b3 63. Bc1 Kc5 64. Kg5 Kb4 65. Kf6 Bb5 66. Qd2+ Kc5 67. g7 Nxg7 68. Kxg7 Bc4 69. Qa5+ Bb5 70. Kf6 d3 71. Kxe6 Kc4 72. Bb2 1-0

[Event "Collado Villalba op 30th"]
[Site "Collado Villalba"]
[Date "2013.08.25"]
[Round "3"]
[White "Lozano Sanchez, Jose Antonio"]
[Black "Garcia Sanchez Navarro, Mariano"]
[Result "1-0"]
[WhiteElo "1854"]
[BlackElo "1498"]
[PlyCount "99"]
[EventDate "2013.08.23"]
[EventType "swiss"]
[EventRounds "9"]
[EventCountry "ESP"]
[SourceTitle "CBM 156 Extra"]
[Source "ChessBase"]
[SourceDate "2013.10.22"]
[SourceVersion "1"]
[SourceVersionDate "2013.10.22"]
[SourceQuality "1"]

1. e4 e5 2. Nf3 Nc6 3. Bc4 Nf6 4. d3 Bc5 5. Nc3 a6 6. a4 Bb4 7. 0-0 d6 8. h3 0-0 9. Bg5 Bxc3 10. bxc3 Be6 11. Bb3 Kh8 12. Nh2 Qd7 13. f4 Ng8 14. f5 Bxb3 15. cxb3 f6 16. Be3 a5 17. Nf3 b6 18. Nh4 Nce7 19. Qh5 Qe8 20. Qg4 Qf7 21. Qd1 d5 22. Qc2 Rad8 23. Rfd1 c5 24. Rac1 Nc6 25. Nf3 d4 26. cxd4 exd4 27. Bf4 Rfe8 28. Nd2 Nb4 29. Qb1 g5 30. Bg3 Qb7 31. Nc4 Qa6 32. Bc7 Rd7 33. Bxb6 Nc6 34. Bxc5 Rb8 35. Rc2 Rdb7 36. Rb2 Nh6 37. Nd6 Rd7 38. Qc1 Ne5 39. Nb5 Rc8 40. Rc2 Nc6 41. Qb2 Nb4 42. Bxb4 Rxc2 43. Qxc2 axb4 44. Qc5 Qb7 45. Qxb4 Qc8 46. Qc4 Qd8 47. Rc1 Kg7 48. Qc8 Qe7 49. Rc7 Qb4 50. Qxd7+ 1-0

[Event "Madrid-ch Previa-A"]
[Site "Madrid"]
[Date "2013.02.18"]
[Round "7"]
[White "Lozano Sanchez, Jose Antonio"]
[Black "Martinez Carrasco, Jesus"]
[Result "1-0"]
[WhiteElo "1873"]
[BlackElo "1610"]
[PlyCount "113"]
[EventDate "2013.02.04"]
[EventType "swiss"]
[EventRounds "9"]
[EventCountry "ESP"]
[SourceTitle "EXT 2018"]
[Source "ChessBase"]
[SourceDate "2017.10.13"]
[SourceVersion "1"]
[SourceVersionDate "2017.10.13"]
[SourceQuality "1"]

1. e4 c5 2. Nf3 Nc6 3. Bc4 d6 4. Nc3 Nf6 5. d3 e6 6. a4 a6 7. h3 Be7 8. Bf4 e5 9. Bd2 0-0 10. 0-0 Bd7 11. Nh2 Re8 12. f4 exf4 13. Bxf4 Bf8 14. Bg5 Be7 15. Nf3 h6 16. Bd2 Na5 17. Ba2 b5 18. Nd5 Nxd5 19. Bxd5 Rb8 20. axb5 Rxb5 21. c4 Rxb2 22. Bxa5 Qc8 23. Nd2 Bf6 24. Qh5 Be6 25. Nf3 Bxd5 26. cxd5 Qb7 27. Rac1 Qb5 28. Bc3 Bxc3 29. Rxc3 Rxg2+ 30. Kxg2 Qb2+ 31. Rf2 Qxc3 32. Nh4 Rf8 33. Qe2 Qe5 34. Rf5 Qe7 35. Nf3 a5 36. Nd2 g6 37. Rf3 a4 38. Nc4 Rb8 39. Qa2 Rb4 40. Qa1 Qg5+ 41. Kf2 Qh4+ 42. Ke2 Qd8 43. Qf6 Qxf6 44. Rxf6 Rb7 45. Rxd6 Ra7 46. Na3 Kf8 47. Rc6 Ra5 48. Kd2 h5 49. Kc3 Ra7 50. Rxc5 Kg7 51. e5 g5 52. Rc4 Kf8 53. d6 Ke8 54. d4 Kd7 55. d5 f6 56. e6+ Kxd6 57. Nb5+ 1-0